| 000 | 00533nam a2200193Ia 4500 | ||
|---|---|---|---|
| 001 | 26387 | ||
| 008 | 140414s9999 xx 000 0 und d | ||
| 020 | _a0-19-514816-9 | ||
| 040 | _cPK-LaUMT | ||
| 082 |
_a 291.22 _bSEL- |
||
| 100 | _aDavid Shulman | ||
| 245 |
_aSelf and self-transformation in the history of religions _cDavid Shulman<>Guy G. Stroumsa |
||
| 260 |
_aOxford,USA: _bOxford University Press, _c2002 |
||
| 300 | _a268 p. | ||
| 546 | _aEN | ||
| 650 | _aReligions-history | ||
| 700 | _aGuy G. Stroumsa | ||
| 942 | _cBK | ||
| 999 |
_c26549 _d26549 |
||